[Event "POLFINAL MISTRZOSTW POLSKI JUNIOROW 2018 - C11"]
[Site "Szczyrk"]
[Date "1899-12-30"]
[Round "1.1"]
[White "Kubaszewski, Piotr"]
[Black "Demski, Michal"]
[Result "0-1"]
[WhiteTitle "II"]
[BlackTitle "I"]
[WhiteElo "1238"]
[BlackElo "1597"]

1. e4 e5 2. Nf3 Nc6 3. d4 exd4 4. Nxd4 Bc5 5. Nb3 Bb6 6. Bd3 Nge7 7. O-O O-O 8.
Nc3 a6 9. Kh1 d6 10. f4 f5 11. Qh5 Qe8 12. Qg5 Qg6 13. Bd2 Qxg5 14. fxg5 g6 15.
Rae1 Ne5 16. Bf4 N7c6 17. Nd5 Be6 18. Nf6+ Kg7 19. exf5 Nxd3 20. Rxe6 Nf2+ 21.
Kg1 Ng4+ 22. Kh1 Nxf6 23. gxf6+ Rxf6 24. Rxf6 Kxf6 25. fxg6 Kxg6 26. Bg3 Re8 27.
Re1 Rf8 28. c3 Ba7 29. h3 Kg7 30. Rb1 Bf2 31. Kh2 Ne5 32. Bxe5+ dxe5 33. Rd1 Rf7
34. Rd5 Re7 35. Nc1 e4 36. Ne2 e3 37. Rd4 c5 38. Rd5 b6 39. c4 Rf7 40. Re5 Rd7
41. Rd5 Rxd5 42. cxd5 Kf6 43. g4 Ke5 44. Kg2 Kxd5 45. Kf3 b5 46. Kf4 h6 47. Kf5
Bh4 48. Kf4 Bg5+ 49. Kf3 b4 50. h4 Bxh4 51. Kxe3 Bg5+ 52. Kf3 a5 53. b3 Ke5 54.
Ng3 Kd4 55. Ne4 Bc1 56. Nf2 c4 57. bxc4 Kxc4 58. Ke2 Kc3 59. Nd1+ Kc2 0-1

[Event "POLFINAL MISTRZOSTW POLSKI JUNIOROW 2018 - C11"]
[Site "Szczyrk"]
[Date "1899-12-30"]
[Round "1.2"]
[White "Karp, Kacper"]
[Black "Wydmanski, Szymon"]
[Result "1-0"]
[WhiteTitle "II+"]
[BlackTitle "II"]
[WhiteElo "1534"]
[BlackElo "1225"]

1. e4 c5 2. Nf3 d6 3. d4 cxd4 4. Nxd4 Nf6 5. Nc3 a6 6. f3 e5 7. Nb3 Be6 8. Be3
Be7 9. Qd2 O-O 10. O-O-O a5 11. a4 Nc6 12. g4 Rc8 13. Qf2 Nd7 14. h4 Nb4 15. Kb1
b6 16. g5 Bxb3 17. cxb3 Nc5 18. Bc4 Kh8 19. Rhg1 f5 20. exf5 Rxf5 21. Bxc5 bxc5
22. Be6 Qf8 23. Bxc8 Qxc8 24. Qg3 Rf4 25. Nd5 Nxd5 26. Rxd5 Qb7 27. Rd3 c4 28.
bxc4 Rxc4 29. Rgd1 Qc7 30. b3 Qb6 31. Qh3 Qb7 32. Ka1 Rc2 33. Qe6 Qb4 34. Kb1
Rc7 35. Qd5 Qb8 36. Qxa5 Ra7 37. Qb5 Rb7 38. Qd5 Rb4 39. Qe6 Bf8 40. Ka2 Qc7 41.
Kb2 Qa7 42. Rxd6 Rd4 43. R6xd4 exd4 44. Qc4 Qe7 45. Qxd4 Qe2+ 46. Rd2 Qxf3 47.
Rf2 1-0

[Event "POLFINAL MISTRZOSTW POLSKI JUNIOROW 2018 - C11"]
[Site "Szczyrk"]
[Date "1899-12-30"]
[Round "1.3"]
[White "Rozek, Michal"]
[Black "Jaworski, Tymon"]
[Result "0-1"]
[WhiteTitle "II"]
[BlackTitle "II"]
[WhiteElo "1219"]
[BlackElo "1459"]

1. c4 e5 2. Nc3 Nf6 3. g3 Nc6 4. Bg2 Bb4 5. d3 O-O 6. Bd2 Re8 7. e3 Bxc3 8. Bxc3
d5 9. cxd5 Nxd5 10. Ne2 Bg4 11. O-O Ndb4 12. f3 Bf5 13. e4 Be6 14. Nc1 f6 15.
Qd2 Na6 16. Ne2 Qe7 17. d4 exd4 18. Nxd4 Nxd4 19. Bxd4 Rad8 20. Qf2 c5 21. Bc3
Rd3 22. a3 Red8 23. Qc2 Qd7 24. f4 Bg4 25. Ba5 Qd4+ 26. Kh1 b6 27. Bc3 Qd7 28.
e5 Bd1 29. Qc1 fxe5 30. Bxe5 Bb3 31. Be4 Bd5 32. Bxd5+ Qxd5+ 33. Kg1 Nb8 34. Bxb8
Rxb8 35. Rd1 Qd4+ 36. Kg2 Re8 37. Qc2 Qe4+ 38. Kg1 Rxg3+ 0-1

[Event "POLFINAL MISTRZOSTW POLSKI JUNIOROW 2018 - C11"]
[Site "Szczyrk"]
[Date "1899-12-30"]
[Round "1.4"]
[White "Klim, Filip"]
[Black "Zimny, Jakub"]
[Result "0-1"]
[WhiteTitle "I"]
[BlackTitle "II"]
[WhiteElo "1451"]
[BlackElo "1217"]

1. e4 e5 2. Nf3 Nc6 3. Bc4 Nf6 4. d3 Bc5 5. O-O d5 6. exd5 Nxd5 7. Re1 Bg4 8. h3
Bxf3 9. Qxf3 Nf6 10. Bb5 Qd6 11. Bxc6+ bxc6 12. Nc3 O-O 13. Bg5 Nd5 14. Ne4 Qg6
15. Nxc5 Qxg5 16. Qe4 f5 17. Qc4 Kh8 18. Ne6 Qf6 19. Nxf8 Rxf8 20. Qc5 Re8 21.
Qxa7 Qg6 22. Kh2 Qh6 23. Qd4 Qf6 24. c4 g5 25. Qc5 Nf4 26. Rad1 g4 27. Qe3 gxh3
28. gxh3 Qh4 29. Qg3 Qh5 30. d4 Rg8 31. dxe5 Rxg3 32. Kxg3 Qg5+ 33. Kf3 Ne6 34.
b3 Qh4 35. Rh1 Qe4+ 36. Kg3 Qxe5+ 37. Kf3 Ng5+ 38. Kg2 Qe4+ 39. Kg3 Qf3+ 40. Kh4
Nf7 0-1

[Event "POLFINAL MISTRZOSTW POLSKI JUNIOROW 2018 - C11"]
[Site "Szczyrk"]
[Date "1899-12-30"]
[Round "1.5"]
[White "Fojcik, Kacper"]
[Black "Starosciak, Szymon"]
[Result "1-0"]
[WhiteTitle "III"]
[BlackTitle "II"]
[WhiteElo "1190"]
[BlackElo "1419"]

1. d4 Nf6 2. c4 g6 3. Nc3 Bg7 4. Nf3 O-O 5. Bg5 d6 6. e3 Nbd7 7. Be2 a5 8. O-O
h6 9. Bh4 g5 10. Bg3 Nh5 11. Qc2 Nxg3 12. hxg3 c5 13. Rad1 f5 14. Bd3 f4 15. gxf4
gxf4 16. Nh4 e6 17. Bh7+ Kh8 18. Ng6+ Kxh7 19. Nxf8+ Kg8 20. Nxe6 Qh4 21. Qg6
Qf6 22. Qxg7+ Qxg7 23. Nxg7 Kxg7 24. exf4 Nb6 25. b3 Bf5 26. Rfe1 Kf6 27. dxc5
dxc5 1-0

[Event "POLFINAL MISTRZOSTW POLSKI JUNIOROW 2018 - C11"]
[Site "Szczyrk"]
[Date "1899-12-30"]
[Round "1.6"]
[White "Kazmierowski, Tymon"]
[Black "Borowik, Karol"]
[Result "1-0"]
[WhiteTitle "II"]
[BlackTitle "II"]
[WhiteElo "1408"]
[BlackElo "1177"]

1. e4 c5 2. Nf3 Nc6 3. Bb5 d6 4. d4 cxd4 5. Qxd4 Bd7 6. Qd3 a6 7. Bxc6 Bxc6 8.
Nc3 Nf6 9. Bg5 e5 10. O-O-O Qd7 11. Bxf6 gxf6 12. Nd5 Bxd5 13. Qxd5 Qc6 14. Nh4
Qxd5 15. Rxd5 O-O-O 16. Nf5 Rd7 17. Rhd1 Kc7 18. c4 Rg8 19. g3 b6 20. b4 Kc6 21.
c5 Kb5 22. cxd6+ Kxb4 23. Kb2 b5 24. Ne3 Bh6 25. a3+ Ka4 26. Nf5 Bg7 27. Ne7 Rgd8
28. Nc6 Rc8 29. R5d4+ exd4 30. Rxd4+ b4 31. Rxb4# 1-0

[Event "POLFINAL MISTRZOSTW POLSKI JUNIOROW 2018 - C11"]
[Site "Szczyrk"]
[Date "1899-12-30"]
[Round "1.7"]
[White "Zmuda, Tomasz"]
[Black "Rylski, Tadeusz"]
[Result "0-1"]
[WhiteTitle "II"]
[BlackTitle "II"]
[WhiteElo "1174"]
[BlackElo "1407"]

1. e4 e6 2. d4 d5 3. Nc3 Bb4 4. Qd3 Ne7 5. Bd2 Nbc6 6. e5 Nf5 7. Nge2 Ba5 8. a3
Bb6 9. Be3 Na5 10. Ng3 Nxe3 11. Qxe3 Qe7 12. b4 Nc6 13. Nce2 h5 14. h4 a5 15.
b5 Na7 16. Nf4 g6 17. c3 Bd7 18. a4 c6 19. c4 Qb4+ 20. Qd2 Qxd2+ 21. Kxd2 Bxd4
22. Ra2 Bxf2 23. Nge2 dxc4 24. Nc3 cxb5 25. axb5 Nxb5 26. Ne4 Bd4 27. Nf6+ Ke7
28. Nxd7 Kxd7 29. Bxc4 Nc3 30. Rc2 b5 31. Bb3 a4 32. Rxc3 Bxc3+ 33. Kxc3 axb3
0-1

[Event "POLFINAL MISTRZOSTW POLSKI JUNIOROW 2018 - C11"]
[Site "Szczyrk"]
[Date "1899-12-30"]
[Round "1.8"]
[White "Bochenek, Ryszard"]
[Black "Gradzki, Artur"]
[Result "1-0"]
[WhiteTitle "II"]
[BlackTitle "II"]
[WhiteElo "1391"]
[BlackElo "1157"]

1. d4 d5 2. g3 e6 3. Bg2 Nf6 4. Nf3 c5 5. O-O Nc6 6. b3 Bd6 7. Bb2 O-O 8. Nbd2
b6 9. c4 Bb7 10. e3 Re8 11. Qe2 Rc8 12. Ne5 cxd4 13. exd4 dxc4 14. bxc4 Nd7 15.
f4 f6 16. Nd3 Qc7 17. Rae1 Na5 18. Rc1 Bxg2 19. Qxg2 Qc6 20. Qh3 Qc7 21. Rfe1
Nf8 22. Qg4 Qf7 23. Ne4 Bb8 24. Nd2 Qg6 25. Qf3 Nc6 26. c5 bxc5 27. Nxc5 f5 28.
Na6 Ne7 29. Rxc8 Rxc8 30. Ba3 Nd5 31. Qb3 Bxf4 32. Nc4 Bg5 33. Ne5 Qe8 34. Bxf8
Qxf8 35. Nc5 Qd6 36. Nf3 Bf6 37. Rxe6 Qd8 38. Ne5 Bxe5 39. Rxe5 Rb8 40. Rxd5 1-0

[Event "POLFINAL MISTRZOSTW POLSKI JUNIOROW 2018 - C11"]
[Site "Szczyrk"]
[Date "1899-12-30"]
[Round "1.9"]
[White "Palasz, Jakub"]
[Black "Turowski, Maciej"]
[Result "1-0"]
[WhiteTitle "II"]
[BlackTitle "II"]
[WhiteElo "1157"]
[BlackElo "1370"]

1. e4 Nf6 2. e5 Nd5 3. d4 d6 4. c4 Nb6 5. exd6 cxd6 6. Nc3 Nc6 7. Be3 g6 8. Nf3
Bg7 9. h3 O-O 10. Be2 Na5 11. b3 Nc6 12. O-O e5 13. d5 Ne7 14. Qd2 Nf5 15. Rac1
Nxe3 16. Qxe3 f5 17. Rfd1 f4 18. Qd2 Bf5 19. Bd3 Bxd3 20. Qxd3 Re8 21. Ne4 Bf8
22. b4 Nd7 23. c5 Nf6 24. c6 bxc6 25. dxc6 Nxe4 26. Qxe4 Rc8 27. b5 Qb6 28. Qd5+
Kh8 29. Ng5 h6 30. Nf7+ Kg7 31. Nxd6 Bxd6 32. Qxd6 Qxb5 33. Qd7+ Kg8 34. Qd5+
Qxd5 35. Rxd5 Re7 36. Kh2 Rec7 37. Rd6 Kf7 38. g3 fxg3+ 39. Kxg3 Re7 40. Rd7 Ke6
41. Rxe7+ Kxe7 42. Kf3 Kd6 43. Ke4 Ke6 44. c7 Kd6 45. Rc2 a6 46. h4 h5 47. f3
a5 48. Rc3 a4 49. a3 Rxc7 50. Rxc7 Kxc7 51. Kxe5 Kb6 52. Kf6 Kc5 53. Kxg6 Kc4
54. f4 Kb3 55. f5 Kxa3 56. f6 Kb2 57. f7 a3 58. f8=Q a2 59. Qf2+ Kb1 60. Qxa2+
1-0

[Event "POLFINAL MISTRZOSTW POLSKI JUNIOROW 2018 - C11"]
[Site "Szczyrk"]
[Date "1899-12-30"]
[Round "1.10"]
[White "Wolski, Michal"]
[Black "Michno, Mateusz"]
[Result "1-0"]
[WhiteTitle "II"]
[BlackTitle "III"]
[WhiteElo "1364"]
[BlackElo "1138"]

1. e4 c5 2. Nf3 e6 3. d4 cxd4 4. Nxd4 Nc6 5. Nb5 d6 6. Be3 a6 7. N5c3 Nf6 8. Nd2
Be7 9. Be2 Bd7 10. Nf3 O-O 11. O-O b5 12. a3 Qc7 13. h3 Rac8 14. Rc1 h6 15. Qd2
Nh7 16. Rfd1 f5 17. exf5 Rxf5 18. Bf4 e5 19. Nd5 Qd8 20. Nxe7+ Qxe7 21. Be3 Rf6
22. Qd5+ Be6 23. Qxd6 Qf7 24. Nxe5 Nxe5 25. Qxe5 Nf8 26. Bd3 Ng6 27. Bxg6 Qxg6
28. Qg3 Qe4 29. Rd4 Qc6 30. c3 Bf7 31. Rcd1 Rg6 32. Rg4 Rxg4 33. Qxg4 Re8 34.
Qg3 Qe4 35. Bxh6 Bg6 36. Be3 Qc2 37. Rd7 Qf5 38. Qd6 Qf6 39. Qc7 Kh8 40. Bd4 1-0

[Event "POLFINAL MISTRZOSTW POLSKI JUNIOROW 2018 - C11"]
[Site "Szczyrk"]
[Date "1899-12-30"]
[Round "1.11"]
[White "Banaczyk, Piotr"]
[Black "Cieply, Krzysztof"]
[Result "1/2-1/2"]
[WhiteTitle "II"]
[BlackTitle "II"]
[WhiteElo "1125"]
[BlackElo "1362"]

1. e4 c5 2. d4 cxd4 3. c3 d5 4. Qxd4 dxe4 5. Qxe4 Nc6 6. Bb5 Bd7 7. Ne2 Nf6 8.
Qf3 a6 9. Ba4 g6 10. Bg5 Bg7 11. Bxf6 Bxf6 12. O-O O-O 13. Bb3 Qc7 14. Nd2 Ne5
15. Qg3 Qc8 16. Nf4 Kh8 17. Nd5 Qc6 18. Nxe7 Bxe7 19. Qxe5+ Bf6 20. Qd5 Qc7 21.
Qf3 Bg7 22. Bd5 Rab8 23. Ne4 h6 24. Rad1 Be5 25. h3 Bf5 26. Rfe1 b6 27. Qe3 Bg7
28. Ng3 Bd7 29. Qd3 Bb5 30. Qf3 a5 31. Ne4 Rbd8 32. Nf6 Ba6 33. Ng4 f5 34. Ne3
f4 35. Nc2 Qc5 36. Be4 Qg5 37. Rxd8 Rxd8 38. Bb7 Bb5 39. Bc6 Bc4 40. b3 Bg8 41.
c4 Kh7 42. Rd1 Rf8 43. Rd7 Kh8 44. Na3 Qf5 45. Rb7 Qc5 46. Nb5 a4 47. Bd5 1/2-1/2

[Event "POLFINAL MISTRZOSTW POLSKI JUNIOROW 2018 - C11"]
[Site "Szczyrk"]
[Date "1899-12-30"]
[Round "1.12"]
[White "Miler, Franciszek"]
[Black "Guzik, Michal"]
[Result "1-0"]
[WhiteTitle "II"]
[BlackTitle "II"]
[WhiteElo "1345"]
[BlackElo "1117"]

1. e4 c5 2. Nf3 e6 3. d4 cxd4 4. Nxd4 a6 5. Bd3 Qc7 6. O-O Nf6 7. Nc3 Be7 8. Be3
d6 9. f4 Nbd7 10. f5 e5 11. Nb3 b6 12. g4 h6 13. h4 Bb7 14. g5 Nh7 15. Qh5 hxg5
16. hxg5 O-O-O 17. Qg4 Kb8 18. Nd5 Bxd5 19. exd5 Rdf8 20. Bxa6 Qxc2 21. Rfc1 Qxb2
22. Qc4 Nc5 23. Nxc5 dxc5 24. Rab1 Qa3 25. Rxb6+ Ka7 26. Rb7+ Ka8 27. Rb3 Qa5
28. d6 Rb8 29. Qd5+ Ka7 30. Bxc5+ 1-0

[Event "POLFINAL MISTRZOSTW POLSKI JUNIOROW 2018 - C11"]
[Site "Szczyrk"]
[Date "1899-12-30"]
[Round "1.13"]
[White "Nagly, Wojciech"]
[Black "Klisowski, Bartosz"]
[Result "0-1"]
[WhiteTitle "II"]
[BlackTitle "II"]
[WhiteElo "1116"]
[BlackElo "1334"]

1. e4 c6 2. d4 d5 3. Nc3 dxe4 4. Nxe4 Bf5 5. Ng3 Bg6 6. Nf3 Nd7 7. Be3 e6 8. a3
Ngf6 9. c4 Be7 10. Be2 Rc8 11. c5 Nd5 12. O-O O-O 13. b4 N7f6 14. h3 Qc7 15. Qd2
Nxe3 16. fxe3 Qxg3 17. Ne5 Rcd8 18. Rf3 Qxe5 19. dxe5 Rxd2 20. exf6 Bxf6 21. Re1
Rfd8 22. a4 Rb2 23. b5 cxb5 24. axb5 Rc2 25. c6 bxc6 26. bxc6 Rxc6 27. Bb5 Rc2
28. Rf4 Rdd2 29. Ra4 Rxg2+ 30. Kh1 h6 31. e4 Be5 32. Rxa7 Rh2+ 33. Kg1 Bd4+ 0-1

[Event "POLFINAL MISTRZOSTW POLSKI JUNIOROW 2018 - C11"]
[Site "Szczyrk"]
[Date "1899-12-30"]
[Round "1.14"]
[White "Grzadka, Artur"]
[Black "Wilgosz, Szczepan"]
[Result "0-1"]
[WhiteTitle "II"]
[BlackTitle "II"]
[WhiteElo "1333"]
[BlackElo "1092"]

1. c4 e5 2. Nc3 Nf6 3. g3 Bb4 4. Bg2 O-O 5. e3 Nc6 6. Nge2 d6 7. a3 Bxc3 8. Nxc3
Bg4 9. Qc2 Qd7 10. O-O Rfe8 11. b4 Bf5 12. d3 Bh3 13. b5 Nd8 14. Re1 Bxg2 15.
Kxg2 Ne6 16. Bb2 Ng5 17. Qe2 Qh3+ 18. Kg1 Ng4 19. f3 Nxh2 20. Kf2 Ngxf3 21. Rh1
Re6 22. Ne4 f5 23. Nc3 e4 24. dxe4 fxe4 25. Nd5 Ng4# 0-1

[Event "POLFINAL MISTRZOSTW POLSKI JUNIOROW 2018 - C11"]
[Site "Szczyrk"]
[Date "1899-12-30"]
[Round "1.15"]
[White "Bartnik, Michal"]
[Black "Pelka, Maciej"]
[Result "1-0"]
[WhiteTitle "II"]
[BlackTitle "II"]
[WhiteElo "1090"]
[BlackElo "1328"]

1. e4 c5 2. Nf3 Nc6 3. c4 g6 4. d4 cxd4 5. Nxd4 Nf6 6. Nc3 d6 7. h3 Bg7 8. Be3
O-O 9. Be2 Nxd4 10. Bxd4 Be6 11. O-O a5 12. b3 Qd7 13. Bf3 Rfc8 14. Nd5 Bxd5 15.
cxd5 a4 16. Re1 axb3 17. axb3 e6 18. dxe6 fxe6 19. e5 Nd5 20. Bxd5 dxe5 21. Bxb7
Qxb7 22. Bxe5 Bxe5 23. Rxe5 Qg7 24. Re1 Rd8 25. Rxa8 Rxa8 26. Qe2 Re8 27. Qc4
Qd7 28. b4 Kf7 29. b5 Qd2 30. Rc1 Rd8 31. Qc7+ Rd7 32. Qc3 Qg5 33. b6 Rb7 34.
Qf3+ Kg8 35. Rc8+ Kg7 1-0

[Event "POLFINAL MISTRZOSTW POLSKI JUNIOROW 2018 - C11"]
[Site "Szczyrk"]
[Date "1899-12-30"]
[Round "1.16"]
[White "Zaborski, Igor"]
[Black "Oklinski, Franciszek"]
[Result "0-1"]
[WhiteTitle "II"]
[BlackTitle "III"]
[WhiteElo "1323"]
[BlackElo "1073"]

1. d4 Nf6 2. c4 e6 3. Nc3 Bb4 4. f3 c5 5. d5 d6 6. Bd2 O-O 7. a3 Ba5 8. e4 exd5
9. cxd5 a6 10. Rb1 Bxc3 11. Bxc3 Nbd7 12. Nh3 Re8 13. Be2 Rb8 14. Nf4 b5 15. b4
c4 16. O-O Nb6 17. Qd2 Na4 18. Ba1 Bb7 19. Bd1 Nb6 20. Bc2 Rc8 21. Bd4 Nbd7 22.
Ne2 Qe7 23. Nc3 Qd8 24. a4 bxa4 25. Bxa4 Re7 26. Rfc1 Ne5 27. Bd1 Nd3 28. Bxf6
gxf6 29. Rc2 Qb6+ 30. Kh1 Nxb4 31. Rcb2 a5 32. Qf4 Qd4 33. Nb5 Qc5 34. Nxd6 Rd8
35. Nxb7 Rxb7 36. Qxf6 Rd6 37. Qc3 Nd3 38. h3 Rxb2 39. Rxb2 Nxb2 40. Qxb2 Qb4
41. Qc2 Kg7 42. Be2 c3 43. Qd3 Rb6 44. Kh2 a4 45. Qe3 a3 46. e5 a2 47. d6 Rxd6
48. exd6 Qxd6+ 49. g3 a1=Q 50. Qd2 0-1

[Event "POLFINAL MISTRZOSTW POLSKI JUNIOROW 2018 - C11"]
[Site "Szczyrk"]
[Date "1899-12-30"]
[Round "1.17"]
[White "Jakubiec, Maurycy"]
[Black "Wieckowski, Michal"]
[Result "0-1"]
[WhiteTitle "IV"]
[BlackTitle "II"]
[WhiteElo "1016"]
[BlackElo "1278"]

1. e4 d5 2. exd5 Nf6 3. d4 Bg4 4. Be2 Bxe2 5. Nxe2 Nxd5 6. c4 Nb6 7. b3 e6 8. Nbc3
Bb4 9. Be3 O-O 10. O-O c6 11. Qd2 N8d7 12. a3 Ba5 13. c5 Nd5 14. b4 Bc7 15. Nxd5
exd5 16. Bf4 Nf6 17. Ng3 Re8 18. Rfe1 Qd7 19. Rad1 a5 20. Bxc7 Qxc7 21. Rxe8+
Rxe8 22. bxa5 Ra8 23. Rb1 h6 24. Qb4 Rxa5 25. Re1 Rb5 26. Qa4 Qf4 27. Kf1 Rb2
28. Re2 Rb1+ 29. Re1 Ng4 30. Qc2 Ne3+ 0-1

[Event "POLFINAL MISTRZOSTW POLSKI JUNIOROW 2018 - C11"]
[Site "Szczyrk"]
[Date "1899-12-30"]
[Round "1.18"]
[White "Duda, Leon"]
[Black "Pawlowski, Kamil"]
[Result "1-0"]
[WhiteTitle "II"]
[BlackTitle "II"]
[WhiteElo "1268"]
[BlackElo "1013"]

1. e4 e5 2. Nf3 Nc6 3. Bc4 Bc5 4. c3 Nf6 5. d4 exd4 6. e5 d5 7. Be2 Ne4 8. cxd4
Bb4+ 9. Bd2 Bxd2+ 10. Nbxd2 Nxd2 11. Qxd2 O-O 12. O-O h6 13. Rac1 f6 14. Rc5 Qd7
15. Rfc1 fxe5 16. dxe5 d4 17. Bb5 Qg4 18. Bxc6 bxc6 19. Nxd4 Rd8 20. Rd1 Qg6 21.
Qe2 Bh3 22. g3 Qf7 23. Nxc6 Rxd1+ 24. Qxd1 Rf8 25. f4 Qf5 26. Ne7+ Kh8 27. Nxf5
Rxf5 28. Rxc7 Rf8 29. Qd6 Rg8 30. e6 Re8 31. e7 Kh7 32. Qc6 Rg8 33. e8=Q Rxe8
34. Qxe8 Bf5 35. Qf7 Bd7 36. Rxd7 h5 37. Qxg7# 1-0

[Event "POLFINAL MISTRZOSTW POLSKI JUNIOROW 2018 - C11"]
[Site "Szczyrk"]
[Date "1899-12-30"]
[Round "1.19"]
[White "Goral, Antoni"]
[Black "Jendrowiak, Maciej"]
[Result "0-1"]
[WhiteTitle "II"]
[BlackTitle "II"]
[WhiteElo "1011"]
[BlackElo "1266"]

1. d4 g6 2. Nf3 Bg7 3. Bg5 f6 4. Bf4 d6 5. d5 Nd7 6. e4 f5 7. Nd4 Ndf6 8. Bb5+
Kf8 9. exf5 gxf5 10. Qe2 Nxd5 11. Ne6+ Bxe6 12. Qxe6 Nxf4 13. Qxf5+ Nf6 14. Qxf4
c6 15. Bd3 Kf7 16. O-O Qd7 17. Re1 Rae8 18. Nc3 e5 19. Qf3 d5 20. Qf5 e4 21. Qxd7+
Nxd7 22. Be2 Nf6 23. f3 e3 24. Nd1 Bh6 25. g4 Rhg8 26. Kh1 Bf4 27. b3 h5 28. Rg1
hxg4 29. fxg4 Rh8 30. g5 Rxh2# 0-1

[Event "POLFINAL MISTRZOSTW POLSKI JUNIOROW 2018 - C11"]
[Site "Szczyrk"]
[Date "1899-12-30"]
[Round "2.1"]
[White "Demski, Michal"]
[Black "Duda, Leon"]
[Result "1-0"]
[WhiteTitle "I"]
[BlackTitle "II"]
[WhiteElo "1597"]
[BlackElo "1268"]

1. e4 c5 2. Nc3 d6 3. f4 g6 4. Nf3 Nc6 5. g3 Bg7 6. Bg2 Nf6 7. O-O Bg4 8. d3 e6
9. Be3 Nh5 10. Qe1 Qe7 11. Nh4 Nd4 12. Qd2 O-O 13. Qf2 Nf6 14. h3 Bh5 15. e5 dxe5
16. fxe5 Nd5 17. Nxd5 exd5 18. Bxd4 cxd4 19. g4 g5 20. Nf5 Qxe5 21. gxh5 Rae8
22. Rae1 Qf6 23. Bxd5 Rxe1 24. Rxe1 Qd8 25. h6 Bf6 26. Bg2 Qa5 27. Rf1 Qxa2 28.
Nxd4 Bh8 29. b3 Qb2 30. Nf5 Re8 31. Kh1 Qf6 32. Qxa7 g4 33. hxg4 1-0

[Event "POLFINAL MISTRZOSTW POLSKI JUNIOROW 2018 - C11"]
[Site "Szczyrk"]
[Date "1899-12-30"]
[Round "2.2"]
[White "Jendrowiak, Maciej"]
[Black "Karp, Kacper"]
[Result "1/2-1/2"]
[WhiteTitle "II"]
[BlackTitle "II+"]
[WhiteElo "1266"]
[BlackElo "1534"]

1. d4 Nf6 2. Nc3 d5 3. Bg5 g6 4. Nf3 Bg7 5. g3 O-O 6. Bg2 c6 7. O-O Ne4 8. Nxe4
dxe4 9. Nd2 f5 10. c3 Be6 11. f3 exf3 12. exf3 h6 13. Be3 Qd7 14. Re1 Na6 15.
Qe2 g5 16. Bxg5 Nc7 17. Bf4 Rf6 18. Nc4 Bxc4 19. Qxc4+ Nd5 20. Be5 Rg6 21. Bxg7
Kxg7 22. f4 Nb6 23. Qc5 e6 24. Re2 Nd5 25. Bxd5 cxd5 26. Rae1 b6 27. Qa3 Kf7 28.
Re5 Rag8 29. Kf2 b5 30. b3 Rc8 31. R1e3 h5 32. Qb4 h4 1/2-1/2

[Event "POLFINAL MISTRZOSTW POLSKI JUNIOROW 2018 - C11"]
[Site "Szczyrk"]
[Date "1899-12-30"]
[Round "2.3"]
[White "Jaworski, Tymon"]
[Black "Kubik, Rafal"]
[Result "1-0"]
[WhiteTitle "II"]
[BlackTitle "III"]
[WhiteElo "1459"]
[BlackElo "1264"]

1. e4 e5 2. Bc4 Nc6 3. Nf3 Bc5 4. d3 Nf6 5. O-O O-O 6. Be3 Bxe3 7. fxe3 d6 8. Nc3
Na5 9. Bb3 Nxb3 10. axb3 Be6 11. d4 exd4 12. exd4 Bg4 13. h3 Bh5 14. Qd3 Re8 15.
Rae1 Bg6 16. Nh4 Nxe4 17. Nxg6 Nxc3 18. Rxe8+ Qxe8 19. Nf4 Ne4 20. Re1 f5 21.
Nd5 Qf7 22. Qc4 c6 23. Ne7+ Kf8 24. Qxf7+ Kxf7 25. Nxf5 Re8 26. Rxe4 1-0

[Event "POLFINAL MISTRZOSTW POLSKI JUNIOROW 2018 - C11"]
[Site "Szczyrk"]
[Date "1899-12-30"]
[Round "2.4"]
[White "Bartoszczuk, Adam"]
[Black "Kazmierowski, Tymon"]
[Result "1-0"]
[WhiteTitle "II+"]
[BlackTitle "II"]
[WhiteElo "1255"]
[BlackElo "1408"]

1. e4 c5 2. Nf3 e6 3. c3 Nf6 4. e5 Nd5 5. d4 cxd4 6. cxd4 d6 7. Nc3 Nxc3 8. bxc3
Nc6 9. Bf4 dxe5 10. Nxe5 Be7 11. Bd3 Nxe5 12. Bxe5 O-O 13. O-O Bd7 14. Qh5 f5
15. f4 Rc8 16. c4 Bc6 17. Rae1 Bf6 18. Qe2 Re8 19. Bxf6 Qxf6 20. Qe5 Qxe5 21.
Rxe5 Rcd8 22. d5 exd5 23. cxd5 Bxd5 24. Rxd5 Rxd5 25. Bc4 Kf7 26. Bxd5+ Kg6 27.
Bxb7 Re2 28. Bd5 Rd2 29. Bb3 Kh5 30. Rd1 Rb2 31. Rd7 g6 32. h3 Kh4 33. Kh2 h5
34. Rxa7 g5 35. fxg5 Kxg5 36. Bd5 Rd2 37. Bf3 f4 38. a4 Rd8 39. a5 Rg8 40. a6
Kh4 41. Rh7 Rg5 42. a7 Rg7 43. Rxh5# 1-0

[Event "POLFINAL MISTRZOSTW POLSKI JUNIOROW 2018 - C11"]
[Site "Szczyrk"]
[Date "1899-12-30"]
[Round "2.5"]
[White "Rylski, Tadeusz"]
[Black "Gromek, Pawel"]
[Result "1/2-1/2"]
[WhiteTitle "II"]
[BlackTitle "II"]
[WhiteElo "1407"]
[BlackElo "1242"]

1. d4 e6 2. c4 Nf6 3. Nc3 Bb4 4. Bg5 c5 5. d5 Bxc3+ 6. bxc3 d6 7. e3 e5 8. Bd3
Nbd7 9. Qc2 h6 10. Bh4 O-O 11. Ne2 Re8 12. Bxf6 Nxf6 13. Ng3 h5 14. Rb1 h4 15.
Ne4 Nxe4 16. Bxe4 Qg5 17. Bf3 f5 18. e4 b6 19. Qd2 Qg6 20. Qe2 fxe4 21. Bxe4 Bf5
22. Bxf5 Qxf5 23. O-O h3 24. g3 Re7 25. Rbe1 Rae8 26. Qe4 Qg5 27. Re3 Rf8 28.
f4 Qh6 29. Ref3 Ref7 30. a4 Qh5 31. f5 1/2-1/2

[Event "POLFINAL MISTRZOSTW POLSKI JUNIOROW 2018 - C11"]
[Site "Szczyrk"]
[Date "1899-12-30"]
[Round "2.6"]
[White "Zimny, Jakub"]
[Black "Bochenek, Ryszard"]
[Result "0-1"]
[WhiteTitle "II"]
[BlackTitle "II"]
[WhiteElo "1217"]
[BlackElo "1391"]

1. e4 e6 2. d4 d5 3. Nc3 dxe4 4. Nxe4 Bd7 5. Nf3 Bc6 6. Bd3 Nd7 7. O-O Ngf6 8.
Re1 Be7 9. Neg5 h6 10. Nxf7 Kxf7 11. Ne5+ Nxe5 12. dxe5 Qd5 13. f3 Nd7 14. c4
Qa5 15. f4 g6 16. f5 gxf5 17. Bd2 Qb6+ 18. Kh1 Bxg2+ 19. Kxg2 Rag8+ 20. Kh3 Rg4
21. Be2 Rh4+ 22. Kg2 Rg8+ 23. Kh1 Rxh2+ 24. Kxh2 Qf2+ 25. Kh1 Qg2# 0-1

[Event "POLFINAL MISTRZOSTW POLSKI JUNIOROW 2018 - C11"]
[Site "Szczyrk"]
[Date "1899-12-30"]
[Round "2.7"]
[White "Wilgosz, Szczepan"]
[Black "Wolski, Michal"]
[Result "0-1"]
[WhiteTitle "II"]
[BlackTitle "II"]
[WhiteElo "1092"]
[BlackElo "1364"]

1. e4 c6 2. d4 d5 3. exd5 cxd5 4. c4 e6 5. Nc3 Nf6 6. Nf3 Nc6 7. c5 Qc7 8. Nb5
Qd8 9. Bf4 e5 10. Nxe5 Nxe5 11. Bxe5 Qa5+ 12. Qd2 Qxd2+ 13. Kxd2 Ne4+ 14. Ke1
f6 15. Bf4 Kd7 16. Nc7 g5 17. h4 gxf4 18. Nxa8 Kc6 19. a4 b6 20. cxb6 Bb4+ 21.
Ke2 Ba6+ 22. Kf3 Bxf1 23. Rhxf1 Rxa8 24. Rfc1+ Kxb6 25. Kxf4 Bd2+ 26. Kf5 Bxc1
27. Rxc1 Rf8 28. f3 Nd2 29. Rc5 Nc4 30. Rb5+ Kc6 31. b3 Nd6+ 32. Kf4 Nxb5 33.
axb5+ Kxb5 34. Kf5 Kb4 35. Ke6 Kxb3 36. Kxd5 a5 37. Ke6 a4 38. d5 a3 39. d6 a2
40. Ke7 Ra8 41. d7 a1=Q 42. d8=Q Qe5+ 43. Kd7 Qd5+ 44. Ke7 Rxd8 45. g4 Qd6+ 46.
Kf7 Rd7+ 47. Kg8 Qb8# 0-1

[Event "POLFINAL MISTRZOSTW POLSKI JUNIOROW 2018 - C11"]
[Site "Szczyrk"]
[Date "1899-12-30"]
[Round "2.8"]
[White "Oklinski, Franciszek"]
[Black "Miler, Franciszek"]
[Result "0-1"]
[WhiteTitle "III"]
[BlackTitle "II"]
[WhiteElo "1073"]
[BlackElo "1345"]

1. d4 c5 2. d5 e5 3. e4 d6 4. c4 g6 5. Nc3 Bg7 6. Bd3 Ne7 7. Nge2 O-O 8. O-O f5
9. Bg5 f4 10. f3 h6 11. Bxe7 Qxe7 12. Rb1 g5 13. b4 Na6 14. a3 h5 15. b5 Nc7 16.
a4 b6 17. Kh1 g4 18. Nc1 Qh4 19. Qe2 Rf6 20. Rf2 0-1

[Event "POLFINAL MISTRZOSTW POLSKI JUNIOROW 2018 - C11"]
[Site "Szczyrk"]
[Date "1899-12-30"]
[Round "2.9"]
[White "Klisowski, Bartosz"]
[Black "Fojcik, Kacper"]
[Result "1/2-1/2"]
[WhiteTitle "II"]
[BlackTitle "III"]
[WhiteElo "1334"]
[BlackElo "1190"]

1. Nf3 Nf6 2. g3 g6 3. Bg2 Bg7 4. c4 d6 5. O-O O-O 6. Nc3 Nc6 7. d3 h6 8. a3 a5
9. Rb1 e5 10. h3 Be6 11. b4 axb4 12. axb4 Qd7 13. Kh2 Nh7 14. Be3 e4 15. Nxe4
f5 16. Ned2 g5 17. b5 Ne7 18. Bd4 Nf6 19. Bxf6 Bxf6 20. Nb3 Ra7 21. Qd2 Rfa8 22.
Rfc1 Ra3 23. Nfd4 R8a7 24. Nxe6 Qxe6 25. Rc2 Kh7 26. e3 Qf7 27. Nc1 c6 28. Ra2
Rxa2 29. Nxa2 d5 30. b6 Ra8 31. c5 Ra3 32. d4 Qg6 33. Qb2 Ra8 34. Nb4 Qe8 35.
Ra1 Rxa1 36. Qxa1 Qc8 37. Qa7 Kg7 38. Bf1 f4 39. gxf4 gxf4 40. Ba6 fxe3 41. fxe3
bxa6 42. b7 Qf5 43. Nd3 Qxd3 44. b8=Q Qe2+ 45. Kg1 Qe1+ 46. Kg2 Qe2+ 47. Kg1 Qe1+
48. Kg2 Qe2+ 49. Kg1 Qe1+ 50. Kg2 Qe2+ 1/2-1/2